|
|
|
|
| LEADER |
00000nam0a2200000 4500 |
| 001 |
25819 |
| 005 |
20231101205710.0 |
| 010 |
|
|
|a 5822200273
|
| 010 |
|
|
|a 5-7695-0231-2
|
| 035 |
|
|
|a (RuTPU)RU\TPU\book\26056
|
| 035 |
|
|
|a BOOK00026131
|
| 090 |
|
|
|a 25819
|
| 100 |
|
|
|a 20011209d2000 m y0rusy50 ca
|
| 101 |
0 |
|
|a rus
|
| 102 |
|
|
|a RU
|
| 105 |
|
|
|a a j 000zy
|
| 200 |
1 |
|
|a Сварочные работы
|e учебник для нач. проф. образования
|f В. И. Маслов
|
| 205 |
|
|
|a 2-е изд., стер.
|
| 210 |
|
|
|a Москва
|c Академия
|c Изд-во ИРПО
|d 2000
|
| 215 |
|
|
|a 240 с.
|c ил.
|
| 225 |
1 |
|
|a Профессиональное образование
|
| 225 |
1 |
|
|a Федеральный комплект учебников
|
| 451 |
|
1 |
|0 (RuTPU)RU\TPU\book\14231
|y 5-7083-0107-5
|t Сварочные работы
|o учебник
|f В. И. Маслов
|e 4-е изд., стер.
|c Москва
|n Академия
|d 1999
|p 240 с.
|a Маслов, Валентин Иванович
|
| 451 |
|
1 |
|0 (RuTPU)RU\TPU\book\120497
|y 5-7695-0231-2
|t Сварочные работы
|o учебник
|f В. И. Маслов
|c Москва
|n Академия
|d 2006
|p 235 с.
|s Федеральный комплект учебников
|a Маслов, Валентин Иванович
|
| 451 |
|
|
|y 5-7695-3377-3
|
| 606 |
1 |
|
|a Сварочные работы
|2 stltpush
|3 (RuTPU)RU\TPU\subj\72798
|9 86192
|
| 610 |
1 |
|
|a сварка
|
| 610 |
1 |
|
|a сварные соединения
|
| 610 |
1 |
|
|a швы
|
| 610 |
1 |
|
|a электрическая сварка
|
| 610 |
1 |
|
|a плавление
|
| 610 |
1 |
|
|a газовая сварка
|
| 610 |
1 |
|
|a дуговая сварка
|
| 610 |
1 |
|
|a сварочные материалы
|
| 610 |
1 |
|
|a резка
|
| 610 |
1 |
|
|a качество
|
| 610 |
1 |
|
|a контроль
|
| 610 |
1 |
|
|a дефекты
|
| 610 |
1 |
|
|a учебные пособия
|
| 675 |
|
|
|a 621.791(075.32)
|v 3
|
| 700 |
|
1 |
|a Маслов
|b В. И.
|g Валентин Иванович
|
| 801 |
|
0 |
|a RU
|b 63413507
|c 20011209
|g PSBO
|
| 801 |
|
2 |
|a RU
|b 63413507
|c 20201027
|g PSBO
|
| 942 |
|
|
|c BK
|
| 959 |
|
|
|a 57/20050630
|d 2
|e 0
|f НФ:2
|